000 00665nam a2200181 a 4500
001 000048301
005 20201002061045.0
008 181214s2012 dr a r 000 0 spa d
040 _aDO-SdBNP
_bspa
_cBNPHU
082 _a306.097293
_bR426m, 2012
110 2 _aRepública Dominicana
_bInstituto Nacional de Aguas Potables y Alcantarillado
_975715
245 1 0 _aMemorias 2004-2012.
260 _aSanto Domingo :
_bInstituto Nacional de Aguas Potables y Alcantarillados (INAPA),
_c2012.
300 _a200 p. :
_bil. ;
_c24 cm.
590 _aInventariado, 2019 / DG
610 1 4 _aREPÚBLICA DOMINICANA
_xINAPA
_y2004-2012 MEMORIA
_975716
910 _aInventariado, 2019/BT
999 _c47789
_d47789